| 000 | 00512cam a2200181ua 4500 | ||
|---|---|---|---|
| 041 |
_aeng _h |
||
| 082 |
_a028.76627 _bVAR/DA |
||
| 100 | _aVarma, C.V.J. | ||
| 245 |
_aData on silt and desilting arrangements in hydro-power stations / _cC V J Varma. _hTextual Documents |
||
| 250 |
_a1 / _b. |
||
| 260 |
_aNew Delhi : _bCentral Board of Irrigation and Power (CBIP) , _c1997. |
||
| 300 | _a56 ; . | ||
| 504 | _a | ||
| 700 | 1 | _aNaidu, B S K . | |
| 700 | 1 | _aRao, A K G . | |
| 942 | _cBK | ||
| 999 |
_c8855 _d8855 |
||